| 000 | 01109naa a2200289 c 4500 | ||
|---|---|---|---|
| 001 | 41007 | ||
| 003 | ES-MaCES | ||
| 005 | 20101201130600.0 | ||
| 008 | 101201n2010 xxu t 000 | eng d | ||
| 035 | _aCES20100013475v | ||
| 040 |
_aES-MaCES _bspa _cES-MaCES |
||
| 100 | 1 |
_aShortall, Sally _924010 |
|
| 245 | 1 | 0 |
_aSocial inclusion or market competitiveness? a comparison of rural development policies in the European Union and the United States _cSally Shortall and Mildred E. Warner |
| 500 | _aResumen | ||
| 650 | 4 |
_ainvestigación sociológica _927260 |
|
| 650 | 4 |
_amigración rural _928639 |
|
| 650 | 4 |
_acondiciones de vida _927111 |
|
| 650 | 4 |
_aexclusión social _930629 |
|
| 650 | 4 |
_aintervención estatal _929380 |
|
| 650 | 4 |
_aadministración de la seguridad social _930264 |
|
| 653 | 1 | 0 | _aAsuntos Sociales |
| 700 | 1 |
_aWarner, Mildred E. _926146 |
|
| 773 | 0 |
_tSocial Policy and Administration _gvol. 44, no. 5 (Oct. 2010){10210 R. 077790}; p. 575-597 _w(ES-MaCES)25226 _943951 |
|
| 902 | _aART Artículo de revista | ||
| 942 |
_2CES _cAR _h3.3. |
||
| 999 |
_c41007 _d41007 |
||